Information Systems for modren mgt (Record no. 1443)

MARC details
000 -LEADER
fixed length control field 00425nam a22001697a 4500
005 - DATE AND TIME OF LATEST TRANSACTION
control field 20160523124209.0
008 - FIXED-LENGTH DATA ELEMENTS--GENERAL INFORMATION
fixed length control field 160523b xxu||||| |||| 00| 0 eng d
020 ## - INTERNATIONAL STANDARD BOOK NUMBER
ISBN 81-203-0397-0
041 ## - LANGUAGE CODE
Language code of text/sound track or separate title eng
082 ## - DEWEY DECIMAL CLASSIFICATION NUMBER
Item number 4272
100 ## - MAIN ENTRY--AUTHOR NAME
Personal name Murdick, robert G & Others
245 ## - TITLE STATEMENT
Title Information Systems for modren mgt
260 ## - PUBLICATION, DISTRIBUTION, ETC. (IMPRINT)
Place of publication New Delhi
Name of publisher Academic Faundation
300 ## - PHYSICAL DESCRIPTION
Number of Pages 456
650 ## - SUBJECT ADDED ENTRY--TOPICAL TERM
Topical Term Management
942 ## - ADDED ENTRY ELEMENTS (KOHA)
Koha item type Books
Holdings
Lost status Damaged status Collection code Home library Current library Shelving location Date acquired Cost, normal purchase price Full call number Accession Number Koha item type
    MANAGEMENT JRU Library JRU Library SHELF- 69 E 23/05/2016 195.00 4272 4272 Books
      JRU Library JRU Library SHELF-29-B 23/05/2016 195.00 4272 4273 Books
    MANAGEMENT JRU Library JRU Library SHELF- 69 E 23/05/2016 195.00 4272 4274 Books
    MANAGEMENT JRU Library JRU Library SHELF- 69 E 23/05/2016 195.00 4272 4275 Books
    MANAGEMENT JRU Library JRU Library SHELF- 69 E 23/05/2016 195.00 4272 4276 Books
    MANAGEMENT JRU Library JRU Library SHELF- 69 E 23/05/2016 195.00 4272 4277 Books
    MANAGEMENT JRU Library JRU Library SHELF- 69 E 23/05/2016 195.00 4272 4278 Books
    MANAGEMENT JRU Library JRU Library SHELF- 69 E 23/05/2016 195.00 4272 4279 Books